000 00616nam a2200217Ia 4500
003 IT-RoPAU
005 20220918175644.0
008 120407s9999 xx 000 0 und d
040 _aIT-RoPAU
040 _cIT-RoPAU
041 _aita
100 _aJules Verne
_934904
245 _aI figli del Capitano Grant. Il giro del mondo in 80 giorni. Michele Strogoff. La stella del sud. Il paese dei diamanti. Un capitano di 15 anni. Ventimila leghe sotto i mari
250 _aRoma
260 _aEdizioni Paoline
300 _c24 cm
490 _aLa 500 ep
490 _v151
942 _cBK
_2ddc
999 _c23624
_d23624